Breath of the Wild Regions - Statistics

General Stats
  • This quiz has been taken 42 times
  • The average score is 11 of 15
Answer Stats
Hint Answer % Correct
BURNING Eldin
97%
FOREST WITH THE THUNDER, THUNDER BABY Faron
91%
ROB ROB ROBBIE Akkala
88%
GIRLS ONLY Gerudo Desert
88%
FREEZING Hebra
88%
I JUST WOKE UP HERE, WHERE AM I?!?! Great Plateau
82%
LAKENAMEDAFTERDAGODDESS Lake
82%
CASTLEDATGANONTOOKOVER Central Hyrule
79%
HOW MANY FISH ARE HERE?!?! Lanayru
74%
BABY RESEARCHER Hateno
71%
FLY, FLY Tabantha
68%
COLD Gerudo Highlands
62%
THUNDER AND DA BIRD MAN RESEARCH Ridgeland
50%
LEAF FACED CREATURES Woodland
50%
CUCCOS! CUCCOS!! CUCCOS!!! Dueling Peaks
47%
No matching quizzes found
Score Distribution
Percent of People with Each Score
Percentile by Number Answered
Your Score History
You have not taken this quiz